000 00338nam a2200133Ia 4500
008 230801s9999||||xx |||||||||||||| ||und||
020 _a9780007318681
082 _a869.342
_bC6725
100 _aCoelho, Paulo
245 4 _aThe winner stands alone
260 _aLondon
_bHarper Collins Publishers
_c2008
300 _a373 p.
942 _cBK
999 _c27113
_d27113